[Event "ESTCC U50 2018"]
[Site "Walbrzych"]
[Date "2018.04.15"]
[Round "2"]
[White "Godena, Michele"]
[Black "Rooze, Jan"]
[Result "1-0"]
[WhiteElo "2507"]
[BlackElo "2307"]
[Annotator "TA"]
[PlyCount "73"]
[EventDate "2018.??.??"]
[EventCountry "POL"]
[SourceTitle "playchess.com"]
[Source "ChessBase"]
[SourceQuality "1"]
[WhiteTeam "Italy"]
[BlackTeam "Belgium"]
[WhiteTeamCountry "ITA"]
[BlackTeamCountry "BEL"]

{[%evp 18,73,0,0,0,0,-7,-11,12,0,0,-4,25,18,16,6,17,8,40,38,52,47,33,31,37,27,41,34,47,51,81,73,74,73,80,55,142,150,143,124,116,127,136,70,191,191,197,197,185,181,280,280,397,412,406,396,456,411]} 1. e4 c5 2. Nf3 e6 3. c3 Nf6 4. e5 Nd5 5. Bc4 d6 6. exd6 {B22: Sicilian: 2 c3} (6. d4 cxd4 7. cxd4 Nc6 8. O-O Be7 9. exd6 Qxd6 10. Nc3 O-O 11. Re1 Rd8 12. a3 a6 13. Be3 Nxe3 14. fxe3 b6 15. Rc1 Bb7 16. Ba2 Rac8 17. Ne4 Qd7 18. Nfg5 Bxg5 19. Nxg5 {½-½ (34) Jones,G (2640)-Svidler,P (2768) Wijk aan Zee 2018}) 6... Bxd6 7. d4 cxd4 8. Qxd4 O-O 9. O-O Nc6 10. Qe4 {LiveBook: 5 Games} Nf6 11. Qe2 Qc7 12. Nbd2 {[%cal Bb1d2,Bd2f3,Bf3e5][%mdl 32]} Bd7 13. Re1 Rad8 {[#]} 14. Bb3 $146 Ne7 15. Ne5 Ng6 16. Ndf3 Bc8 17. Bg5 Be7 18. Nxg6 hxg6 19. Ne5 Nd5 20. Bxe7 Nxe7 21. Qe3 b6 22. Qf4 $36 {[%mdl 2048] White fights for an advantage.} Qc5 23. Rad1 Nf5 24. Rxd8 Rxd8 25. g4 Nd6 26. Rd1 Rf8 (26... Qc7 $14) 27. Qd4 $16 Nb7 {[#]} 28. Qxc5 $1 Nxc5 29. Bc2 Bb7 30. b4 (30. f3 $16) 30... Ne4 (30... Be4 $14) 31. Rd7 $18 Ba8 32. Bxe4 ({Don't take} 32. Rxa7 $6 Nxc3 33. Bd3 Rd8 $14) 32... Bxe4 33. f3 ({But not} 33. Rxa7 $6 f6 $16) 33... Ba8 (33... f6 {was necessary.}) 34. Rxa7 f6 (34... b5 {keeps fighting.} 35. a4 bxa4) 35. Nxg6 Rd8 36. Kf2 Kh7 37. Nf4 {Precision: White = 79%, Black = 31%.} 1-0

[Event "ESTCC U50 2018"]
[Site "Walbrzych"]
[Date "2018.04.15"]
[Round "2"]
[White "Bellia, Fabrizio"]
[Black "Van Herck, Marcel"]
[Result "1-0"]
[WhiteElo "2443"]
[BlackElo "2061"]
[Annotator "TA"]
[PlyCount "73"]
[EventDate "2018.??.??"]
[EventCountry "POL"]
[SourceTitle "playchess.com"]
[Source "ChessBase"]
[SourceQuality "1"]
[WhiteTeam "Italy"]
[BlackTeam "Belgium"]
[WhiteTeamCountry "ITA"]
[BlackTeamCountry "BEL"]

{[%evp 9,73,29,47,6,5,10,12,2,13,8,11,0,24,14,45,18,35,35,60,60,59,58,75,82,75,68,66,60,85,72,93,65,92,65,79,72,93,116,114,100,99,98,90,72,131,106,238,230,205,215,249,255,314,318,345,337,318,275,598,242,725,525,798,778,672,608]} 1. d4 Nf6 2. c4 e6 {[%cal Be7e6,Be6e5][%mdl 32]} 3. Nc3 Bb4 4. e3 {[%cal Be2e3,Be3e4][%mdl 32]} Nc6 5. Bd2 (5. Bd3 e5 6. Nge2 d5 7. cxd5 Nxd5 8. e4 Nb6 9. d5 Ne7 10. O-O O-O 11. Bg5 Kh8 12. a3 Bd6 13. Nb5 h6 14. Be3 c6 15. dxc6 Nxc6 16. Nxd6 Qxd6 {½-½ (49) Nakamura,H (2774)-Ivanchuk,V (2776) Medias 2011}) 5... d5 6. Bd3 {E40: Nimzo-Indian: Rubinstein (4 e3): Unusual Black 4th moves} e5 7. cxd5 Nxd5 8. e4 $146 {The position is equal.} (8. Nf3 {feels hotter.} exd4 9. exd4 O-O 10. O-O Bg4 11. a3) ({Predecessor:} 8. Nge2 exd4 9. exd4 Nde7 10. O-O O-O 11. Qc2 Ng6 12. Be3 Bd6 {½-½ (57) Sanchez,L-Barcza,G Saltsjobaden 1952}) 8... Nxc3 9. bxc3 Bd6 10. Nf3 Bg4 11. d5 Ne7 12. Rb1 Qc8 13. h3 Bxf3 14. Qxf3 O-O 15. O-O $36 {[%mdl 2048] White is pushing.} c6 16. c4 b6 17. h4 Qd7 18. h5 f6 19. Be3 Kh8 20. Rfd1 Rac8 21. g3 cxd5 22. cxd5 Bc5 23. Ba6 Rc7 24. Rbc1 Qd6 25. Bxc5 bxc5 26. Bf1 Rb8 ({Black should try} 26... f5) 27. Rb1 Rcb7 (27... Rd8 $16 {was necessary.}) 28. Rxb7 $18 Rxb7 29. Rc1 Nc8 30. h6 gxh6 31. Bh3 $1 {[%cal Rh3c8]} Rc7 32. Rb1 $1 {[%cal Rb1b8]} Nb6 33. Be6 Qe7 $2 {[#]} (33... Qd8 34. a4 Nc4) 34. Rd1 (34. a4 $142 $1 {[%mdl 512]} Qf8 (34... Nxa4 35. Rb8+) 35. a5) 34... Nc8 $2 (34... Rb7 35. Kg2 Nc4) 35. Qg4 {[%csl Ge6][%cal Rg4g8] White is clearly winning.} Qf8 {[#]} 36. d6 $1 {[%cal Rd6c7][%mdl 512]} Rg7 (36... Nxd6 37. Rxd6) 37. Bxc8 {Precision: White = 56%, Black = 28%.} 1-0

[Event "ESTCC U50 2018"]
[Site "Walbrzych"]
[Date "2018.04.15"]
[Round "2"]
[White "Grabuzova, Tatiana"]
[Black "Bowmer, Kevin"]
[Result "1-0"]
[WhiteElo "2311"]
[BlackElo "2064"]
[Annotator "TA"]
[PlyCount "66"]
[EventDate "2018.??.??"]
[EventCountry "POL"]
[SourceTitle "playchess.com"]
[Source "ChessBase"]
[SourceQuality "1"]
[WhiteTeam "Russia"]
[BlackTeam "England"]
[WhiteTeamCountry "RUS"]
[BlackTeamCountry "ENG"]

{[%evp 19,66,76,78,0,72,49,73,60,64,44,100,48,105,91,107,117,141,122,163,87,76,83,212,221,230,242,195,198,233,147,350,336,416,346,338,325,433,428,436,422,458,458,458,458,458,450,538,502,475]} 1. d4 Nf6 2. c4 g6 3. Nc3 d5 4. cxd5 Nxd5 5. Bd2 Bg7 6. e4 Nb6 7. Be3 O-O 8. h3 Nc6 9. Nf3 e5 {D85: Exchange Grünfeld: Unusual White 7th moves and lines with 7 Nf3} (9... f5 10. exf5 Bxf5 11. Qb3+ {½-½ (11) Can,E (2561)-Savchenko,B (2613) Budapest 2017}) 10. d5 Ne7 {LiveBook: 12 Games} 11. Qb3 (11. a4 $16) 11... Bd7 (11... c6 $1 $11 {keeps the balance.}) 12. O-O-O $146 ({Predecessor:} 12. a4 Nbc8 13. Qxb7 Nd6 14. Qb3 f5 15. Bd3 Rb8 16. Qa2 fxe4 17. Nxe4 Nxe4 18. Bxe4 {0-1 (49) Lobler,H-Riline Orso,A (2295) Guarapuava 1991}) 12... Nec8 13. Kb1 Nd6 14. g4 Qe8 (14... a5 $14) 15. Rc1 (15. Nd2 $16) 15... Qb8 (15... Qe7 $14) 16. Bd3 Nbc8 17. Nd2 a5 18. a4 b6 19. f4 ({White should try} 19. f3 $18) 19... exf4 $16 20. Bxf4 Re8 {[#]} (20... Nb7 $16) 21. Rhe1 $1 $18 Nb7 22. e5 Nc5 23. Qc2 Ne7 {intending ...c6.} 24. Nde4 Nxe4 $2 (24... Nxa4 $16 25. Bc4 (25. Nxa4 Nxd5 26. Bd2 Nb4 $14) 25... b5) 25. Bxe4 Ra7 26. Nb5 Bxb5 27. axb5 Qd8 28. d6 {White is clearly winning.} cxd6 29. exd6 {[%cal Be5d6,Bd6d7][%mdl 32]} Nc8 {[#]} 30. Qxc8 $1 {[%mdl 512]} Qxc8 31. Rxc8 Rxc8 32. Bc6 Bf6 33. d7 Rd8 {Precision: White = 47%, Black = 22%.} 1-0

[Event "ESTCC U50 2018"]
[Site "Walbrzych"]
[Date "2018.04.15"]
[Round "2"]
[White "Lewis, Andrew P"]
[Black "Strutinskaia, Galina"]
[Result "1-0"]
[WhiteElo "2279"]
[BlackElo "2232"]
[Annotator "TA"]
[PlyCount "91"]
[EventDate "2018.??.??"]
[EventCountry "POL"]
[SourceTitle "playchess.com"]
[Source "ChessBase"]
[SourceQuality "1"]
[WhiteTeam "England"]
[BlackTeam "Russia"]
[WhiteTeamCountry "ENG"]
[BlackTeamCountry "RUS"]

{[%evp 9,91,0,58,-9,41,27,71,71,81,64,60,60,68,68,81,81,81,89,87,79,91,74,72,63,90,92,81,89,102,107,108,103,105,97,129,141,112,94,93,89,102,52,52,57,58,66,58,52,78,56,47,0,237,251,257,259,215,114,111,139,387,0,0,0,5177,3364,29989,29985,29992,29993,29993,29988,29994,6052,5065,4827,2115,2128,1981,1691,1682,1593,4718,4698]} 1. Nf3 d5 {[%cal Bd7d5,Bd5d4][%mdl 32]} 2. c4 d4 3. b4 {[%cal Bb2b4,Bb4b5][%mdl 32]} f6 4. e3 e5 5. c5 Be6 {LiveBook: 3 Games} (5... a5 $11) (5... a5 6. Qa4+ Bd7 7. b5 Bxc5 8. Bc4 Ne7 9. exd4 exd4 10. Ba3 Bxa3 11. Nxa3 Bg4 12. Nxd4 Nd7 {½-½ (38) Caruana,F (2823)-Topalov,V (2760) Saint Louis 2016}) 6. Qc2 $146 {A09: Réti Opening: 1 Nf3 d5 2 c4} ({White should try} 6. exd4 $14 a5 7. dxe5) ({Predecessor:} 6. exd4 e4 7. Qe2 Ne7 8. Qxe4 Bd5 9. Qe3 Nbc6 10. Bb5 Bxf3 11. Qxf3 Qxd4 {½-½ (11) Korpa,B (2435)-Gonda,L (2553) Zalakaros 2015}) 6... dxe3 7. dxe3 a5 {[#]} 8. b5 $1 {White is better.} Ne7 9. e4 Nd7 10. Be3 Ng6 $1 11. Nbd2 b6 12. cxb6 Nxb6 13. Be2 Bd6 14. O-O O-O 15. Rfd1 Qe7 16. a4 Rfd8 17. Nc4 Nxc4 18. Bxc4 Nf8 19. Bxe6+ Nxe6 20. Qc4 Bb4 21. Rd5 Rd6 22. Rad1 Rad8 23. g3 Kf8 24. h4 h5 25. Kg2 Rxd5 26. exd5 {Strongly threatening Rc1.} Nc5 27. Bxc5 Qxc5 28. Qe4 Kf7 29. Qf5 Kg8 30. Qxh5 Rxd5 $2 (30... Qc2 $1 $11 {and Black is okay.} 31. Nh2 Qxa4) 31. Qe8+ $18 Kh7 {[#]} 32. Rh1 $1 {Threatening mate with Ng5+!} Qf8 {[#]} 33. Ng5+ $1 {[%mdl 512]} Kh6 $16 (33... fxg5 34. hxg5+) 34. Qe6 Rd2 $2 (34... Qa8 $16 35. Qf5 Rd6+ 36. Ne4 g6) 35. Qf5 $2 (35. Rc1 $18) 35... g6 $11 36. Qe6 $40 {[%mdl 128] Threatens to win with Nf3. White has some attack.} Qe7 $2 {[%mdl 8192]} (36... fxg5 37. hxg5+ Kxg5 38. Qxe5+ Qf5 39. Rh5+ gxh5 40. Qg7+ Qg6 41. Qe5+ Kh6 42. Qh8+ Kg5 43. Qe5+ Kh6 44. Qh8+ Kg5 45. Qe5+) (36... Qa8+ $11 37. Nf3 Bc5) 37. Qg8 $18 {Intending Qh8+ and mate.} (37. Qxe7 Bxe7 38. Ne6 e4 $11) 37... Kh5 38. Ne4 ({Worse is} 38. Nf7 Rxf2+ 39. Kxf2 Qc5+ 40. Kg2 Qc2+ 41. Kh3 (41. Kf3 {is a self mate.} e4+ 42. Ke3 Bc5+ 43. Kf4 Qf2+ 44. Kxe4 Qf5#) 41... Qf5+ 42. Kh2 (42. Kg2 Qc2+ 43. Kh3 Qf5+ 44. Kh2 Qf2+ 45. Kh3 Qf5+ $11) 42... Qf2+ 43. Kh3 Qf5+ 44. Kg2 Qe4+ 45. Kh2 Qc2+ 46. Kh3 Qf5+ $11) 38... Re2 {[#]} 39. g4+ $1 {[%mdl 512]} Kxg4 40. Qxg6+ Kf4 41. Ng3 (41. Rh3 $142 Rxf2+ 42. Nxf2 e4 43. Qg4+ Ke5 44. Qxe4+ Kd6 45. Rd3+ Kc5 46. Qd4#) 41... Rxf2+ {White is clearly winning.} 42. Kxf2 {[%cal Rg3h5]} Qc5+ 43. Kg2 {[%csl Gg3][%cal Rg6e4]} Qd5+ {[#]} 44. Qe4+ $1 Qxe4+ 45. Nxe4 Kxe4 46. h5 {Precision: White = 58%, Black = 34%.} 1-0

[Event "ESTCC U50 2018"]
[Site "Walbrzych"]
[Date "2018.04.15"]
[Round "2"]
[White "Deleyn, Gunter"]
[Black "Garcia Palermo, Carlos"]
[Result "1-0"]
[WhiteElo "2200"]
[BlackElo "2404"]
[Annotator "TA"]
[PlyCount "55"]
[EventDate "2018.??.??"]
[EventCountry "POL"]
[SourceTitle "playchess.com"]
[Source "ChessBase"]
[SourceQuality "1"]
[WhiteTeam "Belgium"]
[BlackTeam "Italy"]
[WhiteTeamCountry "BEL"]
[BlackTeamCountry "ITA"]

{[%evp 13,55,-8,0,-15,-27,-62,-63,-62,-69,-71,-84,-84,-73,-111,-80,-120,-51,-58,113,-43,-39,-44,-80,-71,-65,-72,-47,-77,-31,-49,17,0,0,0,618,127,510,513,498,499,29978,29979,29979,29979]} 1. g3 d5 2. Bg2 e5 3. d3 c6 4. Nf3 Bd6 5. O-O Nf6 6. c4 {A00: Irregular Openings} h6 7. cxd5 (7. Nc3 d4 8. Na4 O-O 9. b4 Re8 10. Rb1 Bf5 11. b5 Qc8 12. e3 dxe3 13. Bxe3 Bh3 14. Nc3 Bxg2 15. Kxg2 a6 {½-½ (15) Bauer,C (2628)-Vachier Lagrave,M (2758) Saint-Quentin 2014}) 7... cxd5 {LiveBook: 5 Games} 8. Nc3 {The position is equal.} Nc6 9. h3 $146 ({Predecessor:} 9. Bd2 O-O 10. Rc1 Be6 11. Nb5 Be7 12. d4 e4 13. Ne5 Qb6 {0-1 (47) Buscara,S (2376)-Bauer,C (2649) Montpellier 2014}) 9... Be6 10. e4 d4 11. Ne2 Qd7 12. Kh2 g5 13. Nfg1 Rc8 14. f4 gxf4 (14... exf4 $17 15. gxf4 Nh5) 15. gxf4 $15 Nb4 $2 {[#]} (15... exf4 $15 {keeps the upper hand.} 16. Nxf4 Nb4) 16. Nf3 $2 (16. f5 $1 $16) 16... Nc2 17. fxe5 Bb8 $1 18. Nf4 Nxa1 19. exf6 Bxa2 {[#] Strongly threatening ...Rxc1!} 20. e5 Nb3 21. Bd2 $1 Qf5 (21... Kd8 $15) 22. Nh4 Qg5 23. Nf3 Nxd2 $4 {[%mdl 8192]} (23... Qf5 $11) 24. Qxd2 $2 $40 {[%mdl 128] White attacks with force.} (24. Qa4+ $18 {and White stays clearly on top.} Kd8 25. Nxg5 Nxf1+ 26. Kg1 hxg5 27. Qxa2) 24... Rc2 $2 {[%mdl 8192]} (24... Qf5 $16 {is more resistant.}) 25. Qxc2 $18 {[%cal Rc2c8]} Qxf4+ 26. Kh1 {[%cal Rc2c8]} Be6 (26... O-O $18 27. b3 Bb1 28. Rxb1 Bxe5 29. Nxe5 Qxe5) 27. Qc5 {[%csl Gf6][%cal Rc5e7]} Kd8 28. Nxd4 {Precision: White = 45%, Black = 44%.} 1-0

[Event "ESTCC U50 2018"]
[Site "Walbrzych"]
[Date "2018.04.15"]
[Round "2"]
[White "Tuomala, Timo"]
[Black "Robertson, Ian C"]
[Result "1-0"]
[WhiteElo "2197"]
[BlackElo "2038"]
[Annotator "TA"]
[PlyCount "43"]
[EventDate "2018.??.??"]
[EventCountry "POL"]
[SourceTitle "playchess.com"]
[Source "ChessBase"]
[SourceQuality "1"]
[WhiteTeam "Finland"]
[BlackTeam "Scotland"]
[WhiteTeamCountry "FIN"]
[BlackTeamCountry "SCO"]

{[%evp 9,43,60,85,57,69,51,92,68,86,71,88,50,120,127,125,130,135,111,146,114,114,116,158,136,270,296,278,270,495,465,796,776,1142,1130,1264,1100]} 1. Nf3 d6 2. d4 Bg4 3. g3 Qc8 (3... Bxf3 4. exf3 c6 5. Bg2 d5 6. O-O e6 7. Re1 Ne7 8. f4 g6 9. Nd2 Bg7 10. Nf3 Nd7 11. c3 c5 12. dxc5 Nxc5 {½-½ (25) Mamedyarov,S (2799)-Petrosian,T (2601) Riadh 2017}) 4. h3 Bf5 5. Bg2 Nf6 6. c4 {A41: 1 d4 d6: Tartakower System and Modern Defence} Na6 7. Nc3 g6 8. Nh4 $146 {White is better.} ({Predecessor:} 8. Nd2 c5 9. dxc5 Nxc5 10. b4 Na6 11. a3 {1-0 (24) Upper,J (1993)-Marsh,C Kitchener 2006}) 8... Bd7 9. e4 Bg7 10. Be3 Ng8 (10... O-O $14) 11. f4 $36 {[%mdl 2048] White has strong initiative.} c5 12. d5 Nc7 13. a4 a6 14. Nf3 {[%cal Bh4f3,Bf3d2,Bd2c4][%mdl 32]} b5 15. e5 bxc4 16. Nd2 {[#] Hoping for exd6.} Qb7 (16... Nh6 $16) 17. Nxc4 $18 Qb4 18. Qe2 ({But not} 18. exd6 $6 Nb5 $18) 18... dxe5 $2 (18... Kf8 19. O-O (19. exd6 exd6 20. Nxd6 Ne8 $18) 19... Ne8) 19. fxe5 {White is clearly winning.} Rb8 (19... Nb5 $142 20. e6 Bxc3+ 21. bxc3 Qxc3+ 22. Kf2 fxe6) 20. O-O Nh6 21. d6 Ne6 22. Nd5 {Precision: White = 63%, Black = 22%.} 1-0

[Event "ESTCC U50 2018"]
[Site "Walbrzych"]
[Date "2018.04.15"]
[Round "2"]
[White "Burchardt, Brigitte"]
[Black "Laszewicz, Pawel"]
[Result "1-0"]
[WhiteElo "2166"]
[BlackElo "2110"]
[Annotator "TA"]
[PlyCount "116"]
[EventDate "2018.??.??"]
[EventCountry "POL"]
[SourceTitle "playchess.com"]
[Source "ChessBase"]
[SourceQuality "1"]
[WhiteTeam "Germany"]
[BlackTeam "Poland"]
[WhiteTeamCountry "GER"]
[BlackTeamCountry "POL"]

{[%evp 9,116,0,-2,-56,-54,-55,-62,-62,-59,-58,-48,-58,-39,-41,-40,-79,-83,-85,-78,-145,-127,-164,-163,-169,-166,-168,-156,-162,-156,-158,-154,-199,-199,-199,-199,-215,-203,-219,-213,-219,-213,-219,-219,-222,-195,-203,-202,-258,-245,-264,-256,-282,-258,-282,-272,-279,-268,-288,-281,-269,-277,-269,-245,-280,-247,-230,-130,-147,-114,-187,105,96,98,106,195,189,185,177,257,248,274,268,300,266,542,549,1733,1600,4890,2330,5612,5619,2185,1986,29975,29975,29983,29984,29984,29984,29984,29985,29985,29986,29986,29987,29987,29982,29989]} 1. e4 e6 2. Nf3 c5 3. Nc3 Nc6 4. b3 (4. Bb5 Nd4 5. O-O a6 6. Bd3 Nc6 7. b3 Nge7 8. Bb2 Ng6 9. Re1 Be7 10. Nd5 exd5 11. exd5 O-O 12. dxc6 dxc6 13. Bxg6 hxg6 14. a4 {½-½ (81) Grischuk,A (2772)-Harikrishna,P (2744) Huaian 2017}) 4... Nf6 5. Bb2 d5 6. d3 {B40: Sicilian: 2...e6, Unusual lines} (6. Bb5 $11) 6... d4 7. Ne2 e5 8. g3 {Black is slightly better.} Bd6 9. Bg2 Bg4 $146 ({Predecessor:} 9... O-O 10. O-O Ne8 11. Nd2 Bg4 12. f3 Be6 {½-½ (78) Mikicic,D (2221)-Petrovic,P (2157) Belgrade 2004}) 10. Nd2 h5 {[%cal Bh7h5,Bh5h4][%mdl 32]} 11. h3 Be6 12. Bc1 h4 13. g4 Nh7 14. Ng1 (14. Nc4 $142) 14... g5 $17 15. Ngf3 f6 16. a4 Nf8 17. Ng1 Ng6 18. Ne2 Bc7 19. O-O Qd7 20. f3 Kf7 21. Rf2 a6 22. Ba3 Qe7 23. Bb2 b5 24. Bf1 Rhb8 25. Nb1 Na5 26. Nc1 Bd7 27. axb5 axb5 28. Nd2 Bb6 29. Kh2 Ra7 30. Re2 Rba8 ({Don't take} 30... Nf4 31. Re1 $19) 31. Rb1 Kg7 32. Re1 Be6 33. Be2 Nf4 34. Bf1 Bf7 35. Ne2 Ne6 36. Ng1 Nd8 37. Ne2 Ndb7 ({Better is} 37... Nac6 $19 38. Bg2 Nb7) 38. f4 exf4 {Strongly threatening ...Nc6.} 39. Nf3 (39. b4 $17) 39... Bc7 $2 {[#]} (39... b4 $19 40. e5 Nc6) 40. b4 $1 $16 {[%mdl 512]} Nc6 ({Wrong is} 40... cxb4 $2 41. Nexd4 Kg8 42. Nxb5 $18) 41. bxc5 Nxc5 ({Don't play} 41... Qxc5 $6 42. Nexd4 Kg8 43. Nf5 $14) (41... Ba5 $16) 42. Nexd4 $18 Nxd4 43. Bxd4 Ra4 {[#]} (43... Nd7 {was necessary.}) 44. e5 $1 {[%cal Re5f6]} fxe5 45. Bxe5+ Kg8 46. d4 Nb7 $2 (46... Ba5) 47. Bxb5 Bd5 48. Bxa4 Rxa4 49. Qd3 {Intending Qg6+ and mate.} Qh7 50. Qxh7+ Kxh7 51. Nxg5+ Kg6 52. Bxc7 {White mates.} Rc4 53. Rb6+ Kg7 54. Bxf4 Rxc2+ 55. Kg1 Rg2+ 56. Kf1 Ra2 57. Re7+ Kf8 58. Rexb7 Ke8 {Precision: White = 37%, Black = 43%.} 1-0

[Event "ESTCC U50 2018"]
[Site "Walbrzych"]
[Date "2018.04.15"]
[Round "2"]
[White "Pastor Alonso De Prado, Alberto"]
[Black "Pietinen, Pekka"]
[Result "1-0"]
[WhiteElo "2162"]
[BlackElo "1983"]
[Annotator "TA"]
[PlyCount "117"]
[EventDate "2018.??.??"]
[EventCountry "POL"]
[SourceTitle "playchess.com"]
[Source "ChessBase"]
[SourceQuality "1"]
[WhiteTeam "Spain"]
[BlackTeam "Finland"]
[WhiteTeamCountry "ESP"]
[BlackTeamCountry "FIN"]

{[%evp 19,116,0,0,-19,-20,-20,-24,-48,0,-5,-4,-15,-14,-6,0,0,12,20,31,27,41,34,17,38,33,22,55,10,93,92,94,85,77,60,89,87,141,111,143,93,91,81,97,77,75,56,95,85,62,50,46,0,0,0,0,0,40,40,31,33,35,2,206,191,289,260,435,420,900,732,1865,1821,1641,1587,2821,2487,2339,2140,29967,29967,29964,6103,29982,29983,29985,29986,29986,29981,29986,29987,29993,29994,29994,29995,29995,29996,29998,29999,29999]} 1. e4 e6 2. d4 d5 3. Bd3 Nf6 4. Nd2 c5 5. dxc5 dxe4 6. Nxe4 Nxe4 7. Bxe4 Qxd1+ 8. Kxd1 Bxc5 9. Ke2 {C05: French Tarrasch: 3...Nf6 4 e5 Nfd7, 5 f4 and 5 Bd3 sidelines} Nc6 (9... Nd7 10. Nf3 Ke7 11. Rd1 f6 12. Nd4 g6 13. g3 a6 14. a4 Rd8 15. Nb3 Bd6 16. Be3 a5 {0-1 (63) Kholin,A (2410)-Volkov,S (2612) Serpukhov 2018}) 10. Nf3 Bd7 {LiveBook: 3 Games} 11. a3 $146 {The position is equal.} ({Predecessor:} 11. Be3 Bxe3 12. Kxe3 Ke7 13. c3 h6 14. Rhd1 Rhd8 15. Rd2 Be8 16. Rad1 Rxd2 17. Rxd2 Rd8 {½-½ (17) Farkas,T (2255)-Meszaros,G (2360) Kecskemet 2011}) 11... f5 12. Bxc6 Bxc6 13. c4 Bxf3+ (13... Rc8 {seems wilder.} 14. Bf4 Be7 15. Ne5 Ba4 16. Be3 Bf6) 14. gxf3 O-O-O 15. b4 Bd4 16. Ra2 h6 17. h4 Rd7 18. h5 Re8 19. Rd1 Be5 20. Be3 Rxd1 21. Kxd1 $14 {[%mdl 4096] Endgame KRB-KRB} a6 22. Rd2 Kc7 23. Kc2 Rf8 (23... f4 $11 {keeps the balance.} 24. Bd4 Bxd4 25. Rxd4 Rf8) 24. f4 $16 Bf6 25. f3 Rg8 26. Rg2 Kc6 27. a4 Re8 (27... Kc7 $142) 28. b5+ axb5 29. axb5+ Kc7 30. Kb3 Ra8 31. Ra2 Rd8 32. Rd2 Ra8 33. Bc5 Ra1 34. Bd6+ Kc8 35. Kb4 b6 36. Be5 Be7+ $1 37. Kb3 Rf1 38. Rd3 Rb1+ 39. Kc2 Rh1 40. Bd4 {And now Re3 would win.} Kc7 $2 {[#]} (40... Bc5 $11) 41. Re3 $1 $18 ({And not} 41. Bxg7 Rxh5 42. Re3 Kd7 $11) 41... Rxh5 (41... e5 $142 42. Bxe5+ Kd7) 42. Rxe6 Bd6 $2 {[#]} (42... Bc5 {is a better defense.}) 43. Bxb6+ $1 {[%mdl 512]} Kxb6 (43... Kd7 $142) 44. Rxd6+ {KR-KR} Kc7 45. Rg6 Rh4 46. Kc3 Rxf4 47. Kb4 Rxf3 48. Kc5 Re3 49. Rxg7+ Kb8 50. Rf7 (50. b6 $142 Re8 51. Kb5 Re6 52. c5 Re5 53. Ka6 Rxc5 54. Rg8+ Rc8 55. Rxc8+ Kxc8 56. Ka7) 50... Re5+ 51. Kd6 {White mates.} Re8 52. c5 {[%cal Bc4c5,Bc5c6,Bc6c7][%mdl 32]} Rd8+ 53. Kc6 Rh8 54. b6 {[%cal Bb5b6,Bb6b7][%mdl 32]} h5 55. Kb5 h4 56. c6 h3 57. Ka6 h2 58. c7+ Kc8 59. b7# {Precision: White = 75%, Black = 31%.} 1-0

[Event "ESTCC U50 2018"]
[Site "Walbrzych"]
[Date "2018.04.15"]
[Round "2"]
[White "Salonen, Jyrki"]
[Black "Aird, Ian"]
[Result "1-0"]
[WhiteElo "2159"]
[BlackElo "1785"]
[Annotator "TA"]
[PlyCount "74"]
[EventDate "2018.??.??"]
[EventCountry "POL"]
[SourceTitle "playchess.com"]
[Source "ChessBase"]
[SourceQuality "1"]
[WhiteTeam "Finland"]
[BlackTeam "Scotland"]
[WhiteTeamCountry "FIN"]
[BlackTeamCountry "SCO"]

{[%evp 21,74,0,6,0,-7,0,-8,-37,-39,-29,-29,-29,17,-39,-27,-21,-20,-21,8,-14,-23,-21,-14,-18,-19,-26,-31,-26,-34,-41,1,0,0,0,5,0,10,9,29,7,7,7,34,6,64,50,95,52,54,43,44,41,71,69,601]} 1. e4 e5 2. Bc4 Nf6 3. d3 Nc6 4. Nf3 Be7 5. O-O O-O 6. c3 d5 7. exd5 Nxd5 8. Re1 Bg4 {[%cal Bc8g4,Bg4h5,Bh5g6][%mdl 32]} 9. h3 Bh5 10. Nbd2 {[%cal Bb1d2,Bd2e4,Be4g3][%mdl 32]} Nb6 {C55: Two Knights: 4 d3, 4 d4 exd4 5 e5 and Max Lange Attack} 11. Bb5 f6 {LiveBook: 7 Games} 12. Bxc6 (12. Ne4 Qd5 13. Qb3 Bf7 14. Qxd5 Bxd5 15. c4 Bxe4 16. Rxe4 Nb4 17. d4 c5 18. dxc5 Bxc5 {0-1 (37) Kryvoruchko,Y (2627)-Kravtsiv,M (2549) Beijing 2008}) 12... bxc6 {The position is equal.} 13. Ne4 Re8 14. Ng3 Bg6 15. d4 exd4 16. Nxd4 Qd5 17. Qf3 $146 (17. Bf4 $11) ({Predecessor:} 17. Bf4 Bd6 18. Qg4 {½-½ (47) Rasic,D (2284)-Leventic,I (2416) Pula 2001}) 17... Bc5 18. Qxd5+ cxd5 19. Bf4 Nc4 20. Ne6 Bb6 $1 {White must now prevent ...Rac8.} 21. Nxc7 Bxc7 22. Bxc7 Nxb2 23. Bd6 Na4 24. Rxe8+ Rxe8 25. Bb4 Bd3 26. Rd1 Bc4 27. Nf5 Re2 28. a3 Bb3 29. Rd4 Re5 30. Ne7+ Kf7 {[#] ...a5 is the strong threat.} 31. Nc6 Re1+ 32. Kh2 a6 (32... Re2 $11) 33. c4 Rc1 34. cxd5 Nb6 35. Nb8 {[#] Threatens to win with d6.} Nxd5 36. Nxa6 Ra1 37. Nc5 Nb6 $2 {[%mdl 8192] Precision: White = 39%, Black = 36%.} (37... Ba2 $14) 1-0